000 01049nac a22002171u 4500
008 100811s1992 Mr|||||r|||| 000 0 ara d
082 _a245
_bن و ب
100 _aالنوبختي، الحسن بن موسى
_917423
245 _aكتاب فرق الشيغة/
_cالحسن بن موسى النوبختي، سعد بن عبدالله القمي؛ تحقيق وتصحيح عبدالمنعم الحفني
260 _a[القاهرة]:
_bدار الرشاد،
_c1992
300 _a110 ؛ص
_c24 سم
504 _aيشتمل على إرجاعات ببليوجرافية
511 _aCatalogued by: Sara
541 _aالف باء
_cشراء
650 _aالفرق الإسلامية
_913294
650 _aالشيعة
_913293
700 _aالقمي،سعد بن عبدالله
_917430
700 _aالحفني، عبدالمنعم
_917431
942 _cBB
_k245 ن و ب
_2ddc
999 _c5793
_d5793